000 01162nam2a2200241 4500
001 rc\3044496
005 20260315065731.0
035 _a(NLR Aleph) 007184338
090 _a13623692
_c13623692
100 _a20111007d1935 u y0rusy50 ca
101 0 _arus
102 _aRU
105 _ay z |||||
200 1 _aБиохимия фосфорных соединений
210 _d1935
461 0 _1001rc\3044495
_12001#$aТруды и материалы Всесоюзного института организации и охраны труда в городе Харькове$eВып. 2-$fВЦСПС$vВып. 2
_97474050
_aВсесоюзный институт организации и охраны труда (Харьков)
_cКиев
_d1935
_fВЦСПС
_nГосмедиздат
_oВып. 2-
_tТруды и материалы Всесоюзного института организации и охраны труда в городе Харькове
_vВып. 2
700 1 _aФердман
_bД.Л.
801 0 _aRU
_bNLR
_gpsbo
801 1 _aRU
_bELAR
_2rusmarc
852 _aNLR
_jБи315/Ф-432
852 _aNLR
_j35-18/196
942 _cUNSPEC
980 _aNB